00687nam a2200241 a 4500001001300000003000900013005001700022008004100039020000800080082001600088100002100104245003600125260004200161300000900203500003500212505001600247650001800263700002100281902000800302942000700310952011300317999001500430nice12345678IN_TiNIC20260116012952.0050524s1982 rama grp 000 0 urd  ac500a297.52bMUH aMuhammad, Maulvi aHamari Namaaz Hamari Zaban Mein aRampurbSharafat Printing Pressc1982 a112p aincludes index and biblioraphy2 aManuscript. aIslam-Prayers1 aMuhammad, Maulvi bSRS cBK 001040708StackRoom-aHMIbHMId2007-07-04g5.00l0o297.52 MUHp010845r2007-07-04v5.00w2005-05-24yBK c9102d9102